Pays ayant le plus de Biens inscrits au Patrimoine Mondial - Statistiques

Statistiques générales
  • Ce quiz a été pris 368 fois
  • Le résultat moyen est 27 sur 32
Statistiques - réponses
Nombre de biens inscrits au Patrimoine Mondial Pays % Correct
49 France
100%
56 Chine
99%
24 États-Unis
99%
51 Allemagne
98%
49 Espagne
98%
58 Italie
97%
30 Russie
97%
23 Brésil
94%
20 Canada
94%
35 Mexique
94%
33 Royaume-Uni
94%
40 Inde
93%
25 Japon
93%
17 Portugal
89%
11 Argentine
87%
20 Australie
87%
18 Grèce
86%
15 Suède
85%
19 Turquie
85%
17 Pologne
82%
13 Suisse
79%
15 Belgique
78%
12 Autriche
77%
13 Pérou
77%
12 Pays-Bas
76%
10 Danemark
73%
26 Iran
70%
10 Afrique du Sud
68%
15 Corée du Sud
67%
10 Croatie
59%
16 République Tchèque
57%
10 Bulgarie
43%
Aucun quiz correspondant
Distribution des résultats
% des personnes avec chaque résultat
Percentile par nombre de réponses
Votre historique - résultats
Vous n’avez pas pris ce quiz